000 00290nam a22001337a 4500
008 170127b xxu||||| |||| 00| 0 eng d
020 _a9780801672033
041 _aeng
080 _22ND
_a61
100 _a3
101 _aSHM
245 _aBASIC SYSRHYTHMIAS
_cHUSZAR, R.J
942 _2udc
_cBK
999 _c3836
_d3836